000 00852nam a2200265Ia 4500
003 OSt
005 20221005110431.0
006 a|||||r|||| 00| 0
007 ta
008 221004b |||||||| |||| 00| 0 hin d
020 _a817016625X (hbk)
_c275
024 _a109796
037 _b12954, 18/03/2011, Kitab Ghar
_cTextual
040 _aCRL
_cCRL
_bhin
041 _2hin
_ahin
082 _aO152,3M80,11, P7
100 _aप्रेमचन्द
245 0 _aकर्मभूमि
246 _aKarmabhūmi
260 _aनई दिल्ली
_bकिताबघर भारत
_c2007
300 _a396पृ0
_ccm.
650 _aहिन्दी साहित्य
942 _hO152,3M80,11, P7
_cTEXL
_2cc
999 _c1018795
_d1018795